000 00812nam a22002417a 4500
005 20240530110909.0
008 220214s2006 ua g 000 0 ara d
017 _bمصر. دار الكتب
_a2007/3217
020 _a9774083040
040 _aEG-CaGPL
_cEG-CaGPL
082 0 4 _221
_a214 /
_bع س
100 0 _aعلى جمعة
245 1 0 _aسمات العصر رؤية مهتم /
_cعلى جمعة
250 _aط. 1
260 _aالقاهرة :
_bدار الفاروق للاستثمارات الثقافية،
_c2006
300 _a347 ؛
_c24 سم
650 0 7 _2qrmak
_aتجديد الخطاب الدينى
650 0 7 _2qrmak
_aالمؤسسة الدينية
651 _2qrmak
_aمصر
653 _aبنك الطعام
942 _2ddc
_cBK
999 _c66274
_d66274